Průtok krve v hemoroidálním řečišti po léčbě hemoroidů

Bibliographic Details
Main Authors: Neoral, Čestmír, 1952- (Author), Klementa, I. (Author), Vysloužil, K. (Author), Starý, L. (Author), Zbořil, P. (Author)
Format: Article
Language:Czech

MARC

LEADER 00000nab a2200000uu 4500
001 vtls010896898
003 SK-MaSNL
005 20260303142332.0
008 230222|2007 xo |||||||||||||||||cze|
015 |a SNBRB 
035 |a (urnnbn)urn:nbn:sk:snk:ar-006mbr 
035 |a (uuid)9cf540b2-6c68-4ad8-86e6-f8cb70f211ce 
035 |a urn:nbn:sk:snk-ab8pg3 
040 |a SNKBUCL  |b slo  |c SNKBUCL  |e AACR2 
041 0 |a cze 
044 |a xo  |c SK 
100 1 |a Neoral, Čestmír,  |d 1952-  |4 aut  |9 111592 
245 1 0 |a Průtok krve v hemoroidálním řečišti po léčbě hemoroidů  |c Č. Neoral, I. Klementa, K. Vysloužil, L. Starý, P. Zbořil 
700 1 |a Klementa, I.  |4 aut  |9 1162608 
700 1 |a Vysloužil, K.  |4 aut  |9 1162613 
700 1 |a Starý, L.  |4 aut  |9 1162610 
700 1 |a Zbořil, P.  |4 aut  |9 1144101 
773 0 |t Miniinvazívna chirurgia a endoskopia  |g Roč. 11, č. 2 (2007), s. 10-12 
958 |a OND 
958 |a EUIPO 
958 |a article10 
999 |c 1982104  |d 1984034